000
00262 a2200097 4500
001
32483
100
_a
Rozzi, Tullio
245
_a
Advanced Electromagnetic Analysis of passive and active Planar Structures
260
_a
London
_b
IEE
_c
1999
090
_c
21757
_d
21757
942
_a
NUST-CAE
_c
M
_c
13066
999
_c
267556
_d
267556